000
00247nam a22001097a 4500
008
130322b xxu||||| |||| 00| 0 eng d
082
_2
22nd
_a
658
100
_a
Collins
_9
14
245
_a
Report writing in business
300
_a
587p.
942
_2
ddc
_c
BK
999
_c
153
_d
153